[Event "Woerishofen sen 2016"]
[Site "Bad Woerishofen"]
[Date "2016.02.26"]
[Round "1.26"]
[White "Auterhoff, Juergen"]
[Black "Pfitzer, Norbert"]
[Result "0-1"]
[WhiteElo "1763"]
[BlackElo "2034"]
[PlyCount "90"]
[EventDate "2016.02.26"]
[EventType "swiss"]
[EventCountry "GER"]
[WhiteTeam "Pasing SC"]
[BlackTeam "Aalen Ellwangen SV"]
[WhiteTeamCountry "GER"]
[BlackTeamCountry "GER"]

1. e4 d6 2. d4 Nf6 3. Nc3 g6 4. Nf3 Bg7 5. Be2 a6 6. O-O b5 7. a3 Bb7 8. e5 Nd5
9. Nxd5 Bxd5 10. exd6 cxd6 11. c3 O-O 12. Bf4 Nc6 13. b4 Qb6 14. Qd2 Rad8 15.
Be3 Rc8 16. Rac1 Nb8 17. Bh6 Qb7 18. Bxg7 Kxg7 19. Qe3 Rfe8 20. Qg5 h6 21. Qg3
Nd7 22. Nh4 Nf6 23. f3 Be6 24. Bd3 Nh5 25. Qf2 Nf4 26. Be4 d5 27. Bb1 Qd7 28.
Qe3 g5 29. Nf5+ Bxf5 30. Qe5+ f6 31. Qxf5 Qxf5 32. Bxf5 e6 33. Bb1 Ne2+ 34. Kf2
Nxc1 35. Rxc1 e5 36. dxe5 fxe5 37. Bf5 Rc7 38. Ke3 Kf6 39. g4 h5 40. h3 hxg4
41. hxg4 Rh8 42. Kd3 Rh3 43. Ke2 Rh2+ 44. Kd3 d4 45. Be4 Ra2 0-1

[Event "Woerishofen sen 2016"]
[Site "Bad Woerishofen"]
[Date "2016.02.26"]
[Round "1.27"]
[White "Lainburg, Viktor"]
[Black "Schnell, Franz"]
[Result "1-0"]
[WhiteElo "2033"]
[BlackElo "1762"]
[PlyCount "97"]
[EventDate "2016.02.26"]
[EventType "swiss"]
[EventCountry "GER"]
[WhiteTeam "Ulm SC Weisse Dame"]
[BlackTeam "Trossingen SV"]
[WhiteTeamCountry "GER"]
[BlackTeamCountry "GER"]

1. d4 d5 2. Bg5 Nc6 3. e3 Nf6 4. Nd2 a6 5. Ngf3 Bf5 6. a3 h6 7. Bh4 e6 8. c4
Be7 9. Be2 O-O 10. O-O Ne4 11. Nxe4 dxe4 12. Bxe7 Qxe7 13. Nd2 Bg6 14. Qc2 f5
15. Rad1 Rad8 16. Nb1 f4 17. Bg4 fxe3 18. fxe3 Rxf1+ 19. Rxf1 Re8 20. Nc3 Qg5
21. Qe2 Nd8 22. Bh3 Rf8 23. Rxf8+ Kxf8 24. Qf2+ Kg8 25. Qf4 Qxf4 26. exf4 e3
27. g3 Bd3 28. Bf1 Bf5 29. d5 Nf7 30. Nd1 exd5 31. Nxe3 Be4 32. Nxd5 c6 33. Nc3
Bf5 34. Kf2 Kf8 35. Ke3 Ke7 36. c5 Nd8 37. b4 Ne6 38. Bc4 Nc7 39. Kd4 Kf6 40.
Ne4+ Bxe4 41. Kxe4 g6 42. g4 Ne8 43. h4 Ke7 44. Ke5 Nf6 45. Be6 a5 46. g5 hxg5
47. hxg5 Ne4 48. Bc8 axb4 49. axb4 1-0

[Event "Woerishofen sen 2016"]
[Site "Bad Woerishofen"]
[Date "2016.02.26"]
[Round "1.28"]
[White "Wagner, Gerhard"]
[Black "Sand, Rolf"]
[Result "1/2-1/2"]
[WhiteElo "1760"]
[BlackElo "2032"]
[PlyCount "110"]
[EventDate "2016.02.26"]
[EventType "swiss"]
[EventCountry "GER"]
[WhiteTeam "Windach SF"]
[BlackTeam "Tuebingen SV"]
[WhiteTeamCountry "GER"]
[BlackTeamCountry "GER"]

1. e4 c5 2. d4 cxd4 3. c3 dxc3 4. Nxc3 Nc6 5. Nf3 d6 6. Bc4 a6 7. O-O Nf6 8.
Qe2 Bg4 9. Be3 e6 10. Rfd1 Be7 11. Bd4 O-O 12. Rac1 Nxd4 13. Rxd4 Qa5 14. h3
Bxf3 15. Qxf3 Rac8 16. Bb3 Rfd8 17. Qe3 Ne8 18. Ra4 Qc5 19. Qxc5 Rxc5 20. Rc4
Rxc4 21. Bxc4 Rc8 22. b3 Bg5 23. Rc2 Bf6 24. Ne2 Kf8 25. Kf1 Ke7 26. Ke1 d5 27.
Bd3 Rxc2 28. Bxc2 dxe4 29. Bxe4 Nd6 30. Bc2 Be5 31. Kd2 f5 32. f4 Bf6 33. Ke3
Nb5 34. Kd3 Kd6 35. a4 Nc7 36. Kc4 Nd5 37. g3 Ne3+ 38. Kd3 Nxc2 39. Kxc2 Kd5
40. Kd3 h5 41. h4 e5 42. fxe5 Bxe5 43. Nf4+ Bxf4 44. gxf4 a5 45. Ke3 Kc5 46.
Kd3 Kb4 47. Kc2 b6 48. Kb2 b5 49. axb5 Kxb5 50. Kc3 Kc5 51. Kd3 g6 52. Kc3 Kb5
53. Kd3 Kb4 54. Kc2 Ka3 55. Kc3 Ka2 1/2-1/2

[Event "Woerishofen sen 2016"]
[Site "Bad Woerishofen"]
[Date "2016.02.26"]
[Round "1.29"]
[White "Harsch, Martin"]
[Black "Eigenmann, Christina"]
[Result "1-0"]
[WhiteElo "2029"]
[BlackElo "1759"]
[PlyCount "109"]
[EventDate "2016.02.26"]
[EventType "swiss"]
[EventCountry "GER"]
[WhiteTeam "SUI"]
[BlackTeam "SUI"]
[WhiteTeamCountry "SUI"]
[BlackTeamCountry "SUI"]

1. e4 c6 2. Nf3 d5 3. Nc3 Bg4 4. h3 Bxf3 5. Qxf3 e6 6. Be2 Nd7 7. exd5 cxd5 8.
O-O Ngf6 9. d4 a6 10. Bf4 Qb6 11. Rad1 Bd6 12. Bxd6 Qxd6 13. Rfe1 O-O 14. Bd3
Rfc8 15. Ne2 Qc7 16. Nf4 Ne4 17. Qe3 Ndf6 18. f3 Ng3 19. c3 Ngh5 20. Nxh5 Nxh5
21. Bb1 Qg3 22. Qf2 Qf4 23. Re5 Ng3 24. Rde1 g6 25. Qe3 Qxe3+ 26. R5xe3 Nf5 27.
R3e2 Rc6 28. g4 Nd6 29. f4 Nc4 30. Kf2 h6 31. Kg3 Kg7 32. f5 gxf5 33. gxf5 Kf6
34. fxe6 Rg8+ 35. Kf2 Rxe6 36. Rxe6+ fxe6 37. Re2 Kg5 38. Rxe6 Rf8+ 39. Ke2 Rf6
40. Rxf6 Kxf6 41. b3 Nd6 42. a4 Kg5 43. Kf3 Kh4 44. Kg2 Ne4 45. Bxe4 dxe4 46.
d5 Kg5 47. Kf2 Kf6 48. Ke3 Ke5 49. c4 h5 50. b4 b6 51. h4 b5 52. cxb5 axb5 53.
axb5 Kxd5 54. b6 Kc6 55. Kxe4 1-0

[Event "Woerishofen sen 2016"]
[Site "Bad Woerishofen"]
[Date "2016.02.26"]
[Round "1.30"]
[White "Collins, Alan"]
[Black "Waltenberger, Udo"]
[Result "0-1"]
[WhiteElo "1753"]
[BlackElo "2026"]
[PlyCount "92"]
[EventDate "2016.02.26"]
[EventType "swiss"]
[EventCountry "GER"]
[WhiteTeam "ENG"]
[BlackTeam "Reichenbrand SV Eiche"]
[WhiteTeamCountry "ENG"]
[BlackTeamCountry "GER"]

1. c4 c5 2. Nc3 Nc6 3. g3 g6 4. Bg2 Bg7 5. a3 e6 6. Rb1 a5 7. Nf3 Nge7 8. O-O
O-O 9. d3 Rb8 10. Bf4 e5 11. Bd2 d6 12. Ne1 Be6 13. Nc2 d5 14. cxd5 Nxd5 15.
Nxd5 Bxd5 16. Bxd5 Qxd5 17. b4 axb4 18. axb4 cxb4 19. Nxb4 Nxb4 20. Bxb4 Rfc8
21. Qd2 Bf8 22. Bxf8 Kxf8 23. Rb6 Rc6 24. Rfb1 Rxb6 25. Rxb6 Ra8 26. Qb4+ Kg7
27. Qe4 Qxe4 28. dxe4 Rb8 29. Kf1 Kf8 30. Ke1 Ke7 31. Kd2 Kd7 32. Kc3 Rc8+ 33.
Kd3 Kc7 34. Rf6 Rd8+ 35. Kc4 Rd7 36. Kc5 Kd8 37. Rd6 Ke7 38. Rxd7+ Kxd7 39. Kb6
Kc8 40. f4 exf4 41. gxf4 f6 42. e5 fxe5 43. fxe5 Kd7 44. Kxb7 Ke6 45. Kc7 g5
46. Kd8 h5 0-1

[Event "Woerishofen sen 2016"]
[Site "Bad Woerishofen"]
[Date "2016.02.26"]
[Round "1.31"]
[White "Eichler, Gottfried"]
[Black "Gailis, Gunnar"]
[Result "1-0"]
[WhiteElo "2024"]
[BlackElo "1753"]
[PlyCount "107"]
[EventDate "2016.02.26"]
[EventType "swiss"]
[EventCountry "GER"]
[WhiteTeam "Dannenberg MTV"]
[BlackTeam "Hilden SV"]
[WhiteTeamCountry "GER"]
[BlackTeamCountry "GER"]

1. d4 Nf6 2. e3 g6 3. Nc3 Bg7 4. Bd3 O-O 5. h4 d5 6. Nge2 b6 7. Ng3 c5 8. h5
Bg4 9. Be2 Bxe2 10. Ncxe2 Nc6 11. hxg6 fxg6 12. c3 Qd7 13. f3 e5 14. O-O Rae8
15. Bd2 Qd6 16. Be1 exd4 17. exd4 Bh6 18. Bf2 c4 19. Re1 Be3 20. Bxe3 Rxe3 21.
Nf1 Re7 22. Qd2 Rfe8 23. Neg3 Rxe1 24. Rxe1 Rxe1 25. Qxe1 Qe7 26. Qd2 Qd6 27.
Qg5 Kf7 28. Kf2 Nd8 29. Ne2 Ne6 30. Qh6 Qf8 31. Qh2 Kg8 32. Ne3 Qd8 33. Qe5 Kf7
34. g4 Qc7 35. Qxf6+ Kxf6 36. Nxd5+ Kf7 37. Nxc7 Nxc7 38. Ke3 Ke6 39. Nf4+ Kd6
40. Ke4 b5 41. Nh3 Ne6 42. f4 a5 43. a3 h5 44. gxh5 gxh5 45. f5 Nc7 46. Nf4 h4
47. Kf3 Ke7 48. Ng6+ Kf6 49. Nxh4 Nd5 50. Ke4 Nb6 51. d5 Ke7 52. Ng6+ Kd6 53.
f6 Nxd5 54. f7 1-0

[Event "Woerishofen sen 2016"]
[Site "Bad Woerishofen"]
[Date "2016.02.26"]
[Round "1.32"]
[White "Winter, Reinhold"]
[Black "Engl, Heinz"]
[Result "0-1"]
[WhiteElo "1748"]
[BlackElo "2015"]
[PlyCount "96"]
[EventDate "2016.02.26"]
[EventType "swiss"]
[EventCountry "GER"]
[WhiteTeam "Neuenkirchen SF"]
[BlackTeam "Muenchen Blinden SC"]
[WhiteTeamCountry "GER"]
[BlackTeamCountry "GER"]

1. c4 e6 2. d4 d5 3. Nc3 c5 4. cxd5 exd5 5. Nf3 Nc6 6. e3 Nf6 7. Bb5 a6 8.
Bxc6+ bxc6 9. b3 Bg4 10. h3 Bh5 11. g4 Bg6 12. Ne5 Qc7 13. f4 Be4 14. Rh2 cxd4
15. exd4 Rd8 16. Nxe4 Nxe4 17. Qc2 Bb4+ 18. Kf1 Rd6 19. a3 Bc3 20. Bb2 Bxb2 21.
Qxb2 Rf6 22. Qc1 Qb6 23. g5 Nxg5 24. Qe3 Ne6 25. Rf2 Qxd4 26. Qxd4 Nxd4 27. b4
Rh6 28. Kg2 O-O 29. Rc1 Rc8 30. Rc3 Nb5 31. Rg3 Nd6 32. Rc2 Ne4 33. Rd3 Rd6 34.
Kf3 h5 35. Rd1 c5 36. bxc5 Rxc5 37. Rxc5 Nxc5 38. Ke3 f6 39. Ng6 Kf7 40. f5 Nd7
41. Nf4 Ne5 42. a4 Nc4+ 43. Kd4 h4 44. Nxd5 Rxd5+ 45. Kxd5 Ne3+ 46. Kc5 Nxd1
47. Kb6 Nf2 48. Kxa6 Nxh3 0-1

[Event "Woerishofen sen 2016"]
[Site "Bad Woerishofen"]
[Date "2016.02.26"]
[Round "1.33"]
[White "Taufratshofer, Martin"]
[Black "Birkestrand, Odd"]
[Result "1-0"]
[WhiteElo "2009"]
[BlackElo "1746"]
[PlyCount "77"]
[EventDate "2016.02.26"]
[EventType "swiss"]
[EventCountry "GER"]
[WhiteTeam "Oberguenzburg SK"]
[BlackTeam "NOR"]
[WhiteTeamCountry "GER"]
[BlackTeamCountry "NOR"]

1. e4 e5 2. Nc3 Nc6 3. f4 d6 4. Nf3 Nf6 5. Bb5 Bd7 6. d3 exf4 7. Bxf4 Be7 8.
O-O O-O 9. Kh1 a6 10. Ba4 b5 11. Bb3 Na5 12. Qd2 Nxb3 13. axb3 Bc6 14. Ne2 Nd7
15. Ned4 Bb7 16. Nf5 Bf6 17. Bg5 Ne5 18. Bxf6 Qxf6 19. Ng5 h6 20. Nh3 Rfe8 21.
Nf4 g5 22. Nh5 Qg6 23. Nfg7 Re6 24. Qe2 g4 25. Rf5 Rf8 26. Raf1 Nd7 27. Nxe6
fxe6 28. Rxf8+ Nxf8 29. Nf6+ Kg7 30. Nxg4 Nd7 31. Qf3 h5 32. Ne3 Ba8 33. Qf4
Bc6 34. Rf3 Qf6 35. Qg3+ Qg6 36. Qh4 Kh6 37. Rg3 Qf7 38. Qg5+ Kh7 39. Rh3 1-0

[Event "Woerishofen sen 2016"]
[Site "Bad Woerishofen"]
[Date "2016.02.26"]
[Round "1.34"]
[White "Hager, Eberhard"]
[Black "Spurga, Josef"]
[Result "1/2-1/2"]
[WhiteElo "1745"]
[BlackElo "2002"]
[PlyCount "51"]
[EventDate "2016.02.26"]
[EventType "swiss"]
[EventCountry "GER"]
[WhiteTeam "Friedberg SC"]
[BlackTeam "Sindelfingen VfL"]
[WhiteTeamCountry "GER"]
[BlackTeamCountry "GER"]

1. e4 e6 2. d4 d5 3. exd5 exd5 4. Nf3 Nf6 5. Bd3 Be7 6. h3 O-O 7. O-O Nbd7 8.
Bf4 c6 9. c3 Re8 10. Nbd2 Nf8 11. Re1 Be6 12. Qc2 h6 13. Bf5 Qc8 14. Bxe6 Nxe6
15. Bh2 Qd8 16. Nf1 Ne4 17. N1d2 N6g5 18. Nxg5 Nxg5 19. Re2 Qd7 20. Rae1 Bf8
21. Nf1 Re6 22. Rxe6 Nxe6 23. Be5 Re8 24. Re3 Bd6 25. Bxd6 Qxd6 26. Ng3 1/2-1/2

[Event "Woerishofen sen 2016"]
[Site "Bad Woerishofen"]
[Date "2016.02.26"]
[Round "1.35"]
[White "Macher, Claus"]
[Black "Floeren, Ernst"]
[Result "1-0"]
[WhiteElo "1999"]
[BlackElo "1737"]
[PlyCount "37"]
[EventDate "2016.02.26"]
[EventType "swiss"]
[EventCountry "GER"]
[WhiteTeam "Ammerbuch SF"]
[BlackTeam "-"]
[WhiteTeamCountry "GER"]

1. d4 e6 2. c4 b6 3. Nc3 Bb7 4. e4 Bb4 5. Bd3 Nc6 6. Nge2 h6 7. O-O Nce7 8. f4
c5 9. d5 Bxc3 10. Nxc3 exd5 11. cxd5 Nf6 12. Bc2 a5 13. a4 O-O 14. Rf3 Ng6 15.
Rg3 Kh8 16. e5 Ng8 17. Qh5 N6e7 18. d6 Nc6 19. Qf5 1-0

[Event "Woerishofen sen 2016"]
[Site "Bad Woerishofen"]
[Date "2016.02.26"]
[Round "1.36"]
[White "Erdmann, Wolfgang"]
[Black "Vonach, Bernhard"]
[Result "0-1"]
[WhiteElo "1729"]
[BlackElo "1999"]
[PlyCount "106"]
[EventDate "2016.02.26"]
[EventType "swiss"]
[EventCountry "GER"]
[WhiteTeam "Altstadt SC Roter Turm"]
[BlackTeam "Windach SF"]
[WhiteTeamCountry "GER"]
[BlackTeamCountry "GER"]

1. d4 Nf6 2. Nf3 d5 3. e3 e6 4. Bd3 c5 5. c3 b6 6. Qe2 Bb7 7. O-O Be7 8. Nbd2
Ne4 9. Bb5+ Kf8 10. Bd3 g6 11. Kh1 Kg7 12. Ng1 f5 13. f3 Nf6 14. Qf2 Rf8 15.
Ne2 Bd6 16. g3 Nbd7 17. Nf4 Qe7 18. Re1 e5 19. Ng2 Rae8 20. Nf1 Rf7 21. Kg1 Qd8
22. Bd2 c4 23. Bc2 e4 24. h3 exf3 25. Qxf3 Ne4 26. Bxe4 fxe4 27. Qe2 Qg5 28.
Nf4 h5 29. h4 Qf6 30. Qg2 Qf5 31. Re2 Nf6 32. Nh2 Ng4 33. Rf1 Nxh2 34. Qxh2 Qg4
35. Ref2 Ref8 36. Kg2 Bxf4 37. exf4 Bc8 38. Be3 Qd7 39. a3 Qa4 40. Kg1 a5 41.
Rc2 Rb7 42. Rcc1 b5 43. Qc2 Qxc2 44. Rxc2 b4 45. Ra1 bxc3 46. bxc3 Bd7 47. Rcc1
Rfb8 48. Ra2 Ba4 49. Re1 Rb3 50. Bd2 Kf6 51. Kg2 Rb2 52. Rxb2 Rxb2 53. Rd1 Bxd1
0-1

[Event "Woerishofen sen 2016"]
[Site "Bad Woerishofen"]
[Date "2016.02.26"]
[Round "1.37"]
[White "Bachmann, Rolf"]
[Black "Titz, Waldemar"]
[Result "1/2-1/2"]
[WhiteElo "1993"]
[BlackElo "1725"]
[PlyCount "86"]
[EventDate "2016.02.26"]
[EventType "swiss"]
[EventCountry "GER"]
[WhiteTeam "Hamm SV"]
[BlackTeam "Rottweil SV"]
[WhiteTeamCountry "GER"]
[BlackTeamCountry "GER"]

1. d4 Nf6 2. Nf3 d6 3. Bf4 g6 4. e3 Bg7 5. h3 O-O 6. Be2 c6 7. c3 Nbd7 8. Qc2
Qc7 9. Nbd2 b5 10. a4 Rb8 11. O-O a6 12. axb5 axb5 13. b4 Bb7 14. Nb3 Ra8 15.
Ra5 Nb6 16. Nfd2 Na4 17. c4 bxc4 18. Rxa8 Rxa8 19. Na5 Nb6 20. Ndxc4 Nfd5 21.
Bg3 Nxb4 22. Qb3 Nxc4 23. Nxc4 Nd5 24. Rb1 Bc8 25. e4 Nf6 26. e5 Ne8 27. Qe3
Bf5 28. Rc1 Be6 29. Bf3 d5 30. Nd2 Ra4 31. Bd1 Rb4 32. f4 Qb6 33. Bf2 Nc7 34.
Nb3 Nb5 35. Qd2 Na3 36. Rc5 Nc4 37. Qc3 Bd7 38. Be1 Rb5 39. Rxb5 Qxb5 40. Nc5
Be8 41. Qb4 e6 42. Ba4 Qxb4 43. Bxb4 Bf8 1/2-1/2

[Event "Woerishofen sen 2016"]
[Site "Bad Woerishofen"]
[Date "2016.02.26"]
[Round "1.38"]
[White "Sand, Rosemarie"]
[Black "Krotofil, Kurt"]
[Result "0-1"]
[WhiteElo "1723"]
[BlackElo "1987"]
[PlyCount "84"]
[EventDate "2016.02.26"]
[EventType "swiss"]
[EventCountry "GER"]
[WhiteTeam "Tuebingen SV"]
[BlackTeam "Niendorfer TSV"]
[WhiteTeamCountry "GER"]
[BlackTeamCountry "GER"]

1. d4 Nf6 2. c4 c5 3. e3 g6 4. Nf3 Bg7 5. Be2 O-O 6. O-O d6 7. Nc3 Nbd7 8. Qc2
b6 9. b3 e6 10. Bb2 Bb7 11. dxc5 dxc5 12. Rfd1 Qe7 13. Rd2 Rfd8 14. Rad1 Nf8
15. h3 Rxd2 16. Rxd2 Rd8 17. Qd1 Rxd2 18. Qxd2 N8d7 19. a3 h6 20. Nb5 Ne4 21.
Qc2 Bxb2 22. Qxb2 a6 23. Nc3 Ng5 24. Nxg5 Qxg5 25. Bf1 Ne5 26. Kh1 Qf5 27. f3
Nxf3 28. Nd1 Ng5 29. Kg1 Ne4 30. Qc2 Qg5 31. Qd3 Bc6 32. Nf2 Nxf2 33. Kxf2 Qf6+
34. Kg1 Kg7 35. b4 Qe5 36. b5 axb5 37. cxb5 Bd5 38. Qd2 c4 39. Kf2 c3 40. Qc2
Be4 41. Qc1 c2 42. Ke2 Qxb5+ 0-1

[Event "Woerishofen sen 2016"]
[Site "Bad Woerishofen"]
[Date "2016.02.26"]
[Round "1.39"]
[White "Engbrecht, Helmut"]
[Black "Kurpiela, Franz"]
[Result "1-0"]
[WhiteElo "1980"]
[BlackElo "1722"]
[PlyCount "57"]
[EventDate "2016.02.26"]
[EventType "swiss"]
[EventCountry "GER"]
[WhiteTeam "Schorndorf SV"]
[BlackTeam "Oehringen TSG"]
[WhiteTeamCountry "GER"]
[BlackTeamCountry "GER"]

1. e4 e5 2. Nc3 Nf6 3. Nf3 d6 4. d4 exd4 5. Qxd4 Nc6 6. Bb5 Bd7 7. Bxc6 Bxc6 8.
Bg5 Be7 9. O-O-O O-O 10. e5 Ne8 11. Bxe7 Qxe7 12. Rhe1 Bxf3 13. gxf3 Qg5+ 14.
f4 Qh4 15. Rh1 dxe5 16. fxe5 Qxd4 17. Rxd4 f6 18. e6 Nd6 19. Nd5 Nb5 20. Ne7+
Kh8 21. Rd7 Rad8 22. Rhd1 Rxd7 23. Rxd7 c5 24. c3 b6 25. a4 Nxc3 26. bxc3 h5
27. Nf5 Re8 28. e7 Kg8 29. Nd6 1-0

[Event "Woerishofen sen 2016"]
[Site "Bad Woerishofen"]
[Date "2016.02.26"]
[Round "1.40"]
[White "Alefs, Heinz"]
[Black "Hoeschele, Hans Ulrich"]
[Result "1/2-1/2"]
[WhiteElo "2016"]
[BlackElo "1979"]
[PlyCount "47"]
[EventDate "2016.02.26"]
[EventType "swiss"]
[EventCountry "GER"]
[WhiteTeam "Eichenau SC"]
[BlackTeam "Stuttgarter SF"]
[WhiteTeamCountry "GER"]
[BlackTeamCountry "GER"]

1. c4 Nf6 2. Nc3 e5 3. g3 d6 4. Bg2 c6 5. d3 Be7 6. Nf3 h6 7. O-O O-O 8. Qb3
Qc7 9. e4 Be6 10. Qc2 Qc8 11. Ne1 Bh3 12. f4 Bxg2 13. Qxg2 Nbd7 14. f5 Nh7 15.
Nf3 Qd8 16. Be3 Bf6 17. Kh1 Ng5 18. Rg1 Nxf3 19. Qxf3 Bg5 20. Bf2 Bf6 21. Rad1
Re8 22. g4 Nf8 23. Ne2 Nh7 24. Qg2 1/2-1/2

[Event "Woerishofen sen 2016"]
[Site "Bad Woerishofen"]
[Date "2016.02.26"]
[Round "1.42"]
[White "Aufmwasser, Guenter"]
[Black "Schmidt, Eugen"]
[Result "1/2-1/2"]
[WhiteElo "1701"]
[BlackElo "1969"]
[PlyCount "136"]
[EventDate "2016.02.26"]
[EventType "swiss"]
[EventCountry "GER"]
[WhiteTeam "Hilden SV"]
[BlackTeam "Oos SF"]
[WhiteTeamCountry "GER"]
[BlackTeamCountry "GER"]

1. f4 g6 2. Nf3 Bg7 3. c3 d6 4. d3 Nf6 5. Qc2 Nc6 6. e4 e5 7. Be2 O-O 8. O-O
Nh5 9. fxe5 dxe5 10. Ng5 Nf6 11. Na3 h6 12. Nf3 Be6 13. Bd2 a6 14. Qc1 Kh7 15.
Nc2 Qd7 16. Kh1 Rad8 17. Be3 b6 18. Qe1 Bg4 19. Qh4 Bxf3 20. gxf3 Nh5 21. f4
Nxf4 22. Bxf4 exf4 23. d4 g5 24. Qg4 Qxg4 25. Bxg4 Ne7 26. Rad1 f5 27. exf5
Nxf5 28. Bxf5+ Rxf5 29. Rde1 Rf7 30. Re6 Rdd7 31. Rfe1 Bf8 32. a3 Bd6 33. Nb4
Bxb4 34. axb4 Kg7 35. Kg2 g4 36. R1e5 Rf6 37. Re7+ Rxe7 38. Rxe7+ Rf7 39. Re4
Kg6 40. d5 h5 41. c4 h4 42. c5 f3+ 43. Kf1 g3 44. hxg3 h3 45. Kf2 h2 46. Re1
Rd7 47. cxb6 cxb6 48. Kxf3 Rxd5 49. Kg2 Rd2+ 50. Kh1 Kf5 51. Ra1 Kg4 52. Rxa6
Kh3 53. Ra1 Rxb2 54. g4 Kxg4 55. Ra3 Kf4 56. Rh3 Ke5 57. b5 Kd5 58. Rd3+ Kc4
59. Rd4+ Kxb5 60. Rd5+ Ka6 61. Ra5+ Kb7 62. Ra7+ Kc6 63. Rc7+ Kb5 64. Rc5+ Ka4
65. Ra5+ Kb3 66. Ra3+ Kc2 67. Rc3+ Kb1 68. Rc1+ Ka2 1/2-1/2

[Event "Woerishofen sen 2016"]
[Site "Bad Woerishofen"]
[Date "2016.02.26"]
[Round "1.43"]
[White "Schwis, Joachim"]
[Black "Straesser, Gerda"]
[Result "1-0"]
[WhiteElo "1967"]
[BlackElo "1696"]
[PlyCount "115"]
[EventDate "2016.02.26"]
[EventType "swiss"]
[EventCountry "GER"]
[WhiteTeam "Koeln SF Ford"]
[BlackTeam "Rottweil SV"]
[WhiteTeamCountry "GER"]
[BlackTeamCountry "GER"]

1. c4 e5 2. Nc3 d6 3. g3 Bd7 4. Bg2 Bc6 5. Nf3 Nf6 6. O-O Be7 7. b4 b6 8. Bb2
O-O 9. Re1 Re8 10. e4 Nbd7 11. d4 Rb8 12. Nd5 Bb7 13. a3 Nxd5 14. exd5 exd4 15.
Nxd4 Bf6 16. Qc2 Ne5 17. Be4 g6 18. f4 Nd7 19. Kf2 Bg7 20. Bf3 Nf8 21. Bc3 Qd7
22. Kg2 Rxe1 23. Rxe1 Re8 24. Rxe8 Qxe8 25. Nb5 Bxc3 26. Qxc3 a6 27. Nd4 Bc8
28. Kf2 h5 29. Qe3 Bd7 30. Qxe8 Bxe8 31. Ke3 Bd7 32. Nc6 Kg7 33. a4 Kf6 34. Be2
Be8 35. Bf1 Bd7 36. Bd3 Bc8 37. Bc2 Bd7 38. Nd4 Ke7 39. Bb3 Bc8 40. Nc6+ Kf6
41. Nd4 Bd7 42. Bd1 Bc8 43. Nb3 Bd7 44. Nd2 Bf5 45. Kd4 Nd7 46. Nb3 Nb8 47. c5
Bd7 48. c6 Bh3 49. Nd2 Ke7 50. Bf3 Bc8 51. b5 Bh3 52. Nc4 Kd8 53. Ne3 Ke7 54.
g4 hxg4 55. Bxg4 Bxg4 56. Nxg4 Nxc6+ 57. dxc6 Ke6 58. Ne3 1-0

[Event "Woerishofen sen 2016"]
[Site "Bad Woerishofen"]
[Date "2016.02.26"]
[Round "1.44"]
[White "Samarian, Cornel"]
[Black "Plischke, Berthold"]
[Result "0-1"]
[WhiteElo "1693"]
[BlackElo "1953"]
[PlyCount "70"]
[EventDate "2016.02.26"]
[EventType "swiss"]
[EventCountry "GER"]
[WhiteTeam "Lohkirchen SC"]
[BlackTeam "Wesel SV"]
[WhiteTeamCountry "GER"]
[BlackTeamCountry "GER"]

1. Nf3 e6 2. g3 f5 3. d4 Nf6 4. c4 Be7 5. Bg2 O-O 6. O-O d6 7. b3 Ne4 8. Bb2
Bf6 9. Qc2 Nc6 10. a3 g5 11. e3 g4 12. Ne1 Ng5 13. Bxc6 bxc6 14. f4 gxf3 15.
Nxf3 Nxf3+ 16. Rxf3 c5 17. Nd2 Bb7 18. Rf2 Qd7 19. Re1 Qg7 20. Qd3 Rae8 21. Bc3
e5 22. d5 Bc8 23. Nf1 Re7 24. e4 f4 25. Kh1 Bh3 26. gxf4 Bh4 27. Ng3 Qh6 28.
Rg1 Rg7 29. Ra2 Qxf4 30. Be1 Bg4 31. Rf1 Bf3+ 32. Kg1 Bxg3 33. Bxg3 Rxg3+ 34.
Kf2 Rg2+ 35. Ke1 Qc1+ 0-1

[Event "Woerishofen sen 2016"]
[Site "Bad Woerishofen"]
[Date "2016.02.26"]
[Round "1.45"]
[White "Oud, Niek"]
[Black "Wraga, Teresa"]
[Result "1/2-1/2"]
[WhiteElo "1952"]
[BlackElo "1687"]
[PlyCount "34"]
[EventDate "2016.02.26"]
[EventType "swiss"]
[EventCountry "GER"]
[WhiteTeam "NED"]
[BlackTeam "Osnabrueck SG"]
[WhiteTeamCountry "NED"]
[BlackTeamCountry "GER"]

1. d4 Nf6 2. c4 c5 3. d5 b5 4. cxb5 a6 5. b6 Qxb6 6. Nc3 d6 7. e4 g6 8. Nf3 Bg7
9. Be2 O-O 10. O-O Nbd7 11. Qc2 Bb7 12. Rb1 Qc7 13. Rd1 Rfc8 14. Bf4 Nh5 15.
Bg5 Nhf6 16. Qd2 Nb6 17. Bh6 c4 1/2-1/2

[Event "Woerishofen sen 2016"]
[Site "Bad Woerishofen"]
[Date "2016.02.26"]
[Round "1.46"]
[White "Hahn, Volker"]
[Black "Gerl, Hans"]
[Result "0-1"]
[WhiteElo "1679"]
[BlackElo "1951"]
[PlyCount "58"]
[EventDate "2016.02.26"]
[EventType "swiss"]
[EventCountry "GER"]
[WhiteTeam "DBSB"]
[BlackTeam "Zirndorf SK"]
[WhiteTeamCountry "GER"]
[BlackTeamCountry "GER"]

1. b4 e5 2. Bb2 f6 3. b5 Ne7 4. e4 d5 5. Qh5+ g6 6. Qh4 Bg7 7. exd5 Nxd5 8. Nc3
Nxc3 9. Bxc3 Be6 10. Bc4 Bd5 11. f3 O-O 12. a4 Kh8 13. Bxd5 Qxd5 14. Qe4 Rd8
15. Ne2 f5 16. Qxd5 Rxd5 17. d3 Nd7 18. h4 Kg8 19. h5 Re8 20. hxg6 hxg6 21. Kd2
Bf6 22. g3 e4 23. Bxf6 Nxf6 24. fxe4 Nxe4+ 25. Kc1 Nf2 26. Rh4 Rxe2 27. Rc4
Re1+ 28. Kb2 Rxa1 29. Kxa1 Rd7 0-1

[Event "Woerishofen sen 2016"]
[Site "Bad Woerishofen"]
[Date "2016.02.26"]
[Round "1.47"]
[White "Klein, Klaus"]
[Black "Schlemminger, Degenhard"]
[Result "1-0"]
[WhiteElo "1949"]
[BlackElo "1678"]
[PlyCount "85"]
[EventDate "2016.02.26"]
[EventType "swiss"]
[EventCountry "GER"]
[WhiteTeam "Heidelberg SF"]
[BlackTeam "Reutlingen SV"]
[WhiteTeamCountry "GER"]
[BlackTeamCountry "GER"]

1. e4 e5 2. Nf3 Nc6 3. Bb5 Nge7 4. O-O a6 5. Bc4 h6 6. Nc3 d6 7. h3 b5 8. Bb3
Na5 9. d3 Nxb3 10. axb3 Bd7 11. b4 Be6 12. d4 Bc4 13. Re1 exd4 14. Nxd4 c5 15.
Nf5 Nxf5 16. exf5+ Be7 17. f6 gxf6 18. Nd5 Bxd5 19. Qxd5 c4 20. Qc6+ Kf8 21.
Rxa6 Rxa6 22. Qxa6 Qd7 23. Bf4 Kg7 24. Qb6 d5 25. c3 Rc8 26. Qe3 Bd6 27. Qg3+
Kh7 28. Bxd6 Rg8 29. Re7 Rxg3 30. Rxd7 Rd3 31. Bc5 Kg6 32. Bd4 Rd1+ 33. Kh2 Rd2
34. Rxd5 Rxb2 35. Rxb5 f5 36. f4 Rc2 37. Rb6+ Kh7 38. Rf6 Re2 39. Rxf7+ Kg8 40.
Rc7 Re4 41. b5 Rxf4 42. b6 Rf1 43. b7 1-0

[Event "Woerishofen sen 2016"]
[Site "Bad Woerishofen"]
[Date "2016.02.26"]
[Round "1.48"]
[White "Koppenhoefer, Heinz"]
[Black "Reimann, Guenther"]
[Result "0-1"]
[WhiteElo "1672"]
[BlackElo "1941"]
[PlyCount "108"]
[EventDate "2016.02.26"]
[EventType "swiss"]
[EventCountry "GER"]
[WhiteTeam "Solln STSV"]
[BlackTeam "Magstadt SC"]
[WhiteTeamCountry "GER"]
[BlackTeamCountry "GER"]

1. e4 e6 2. d4 d5 3. exd5 exd5 4. Nf3 Bd6 5. Bd3 Ne7 6. h3 O-O 7. c3 Bf5 8. Qc2
Bxd3 9. Qxd3 Ng6 10. O-O c6 11. Be3 Nd7 12. Qc2 Qc7 13. b3 Rfe8 14. c4 Nf6 15.
Nc3 Rad8 16. Bg5 Re6 17. Rac1 dxc4 18. bxc4 Rde8 19. Bxf6 Rxf6 20. Rce1 Rfe6
21. Rxe6 Rxe6 22. d5 Re8 23. Rd1 Qe7 24. Kf1 Bb4 25. Re1 Qd7 26. Rxe8+ Qxe8 27.
Qe4 Qxe4 28. Nxe4 cxd5 29. cxd5 Kf8 30. g3 h6 31. Ke2 f5 32. Ned2 Ne7 33. d6
Bxd6 34. Nc4 Bb8 35. a4 g5 36. Kd3 a6 37. Nd4 Kf7 38. g4 Kf6 39. Nb6 Ba7 40.
Nd7+ Kf7 41. Ne5+ Kg7 42. Nxf5+ Nxf5 43. gxf5 Bxf2 44. Ke4 Bg3 45. Nd7 b5 46.
axb5 axb5 47. Nc5 b4 48. Nb3 h5 49. Nd4 g4 50. hxg4 hxg4 51. Nb3 Bd6 52. Nd4 g3
53. Kf3 Kf6 54. Nb3 Kxf5 0-1